[Event "ESP-chT Rapid"]
[Site "Ubeda"]
[Date "2023.09.24"]
[Round "6.3"]
[White "Navarro Rico, Lluis"]
[Black "Moreno Tejera, Emilio"]
[Result "0-1"]
[WhiteElo "1931"]
[BlackElo "2414"]
[PlyCount "73"]
[EventDate "2023.09.23"]
[EventType "team-swiss (rapid)"]
[EventRounds "9"]
[EventCountry "ESP"]
[SourceTitle "EXT 2024"]
[Source "ChessBase"]
[SourceDate "2023.10.10"]
[SourceVersion "1"]
[SourceVersionDate "2023.10.10"]
[SourceQuality "1"]
[WhiteTeam "Enric Valor CC"]
[BlackTeam "Extremadura Magic"]
[WhiteTeamCountry "ESP"]
[BlackTeamCountry "ESP"]

1. c4 e5 2. Nc3 d6 3. g3 f5 4. e3 Nf6 5. Nge2 c6 6. a3 g6 7. Bg2 Bg7 8. d3 Be6 9. 0-0 a5 10. Rb1 0-0 11. b4 axb4 12. axb4 d5 13. cxd5 cxd5 14. Qb3 Bf7 15. d4 e4 16. b5 Nbd7 17. Ba3 Re8 18. b6 Ra6 19. Na4 g5 20. Bd6 Nxb6 21. Nc5 Nc4 22. Bc7 Qxc7 23. Nxa6 bxa6 24. Rfc1 Qd7 25. Ra1 a5 26. Nc3 f4 27. Na4 Nd2 28. Qd1 fxe3 29. fxe3 Nf3+ 30. Bxf3 exf3 31. Qxf3 Bh5 32. Qg2 Rxe3 33. Nb6 Qe6 34. g4 Bxg4 35. Rc8+ Bf8 36. Rf1 Re1 37. Ra8 0-1

[Event "ESP-chT CECLUB Honor"]
[Site "Linares"]
[Date "2022.09.17"]
[Round "1.3"]
[White "Moreno Tejera, Emilio"]
[Black "Llorente Zaro, Alfonso"]
[Result "1/2-1/2"]
[WhiteElo "2411"]
[BlackElo "2448"]
[PlyCount "60"]
[EventDate "2022.09.17"]
[EventType "team-tourn"]
[EventRounds "7"]
[EventCountry "ESP"]
[SourceTitle "CBM 210 Extra"]
[Source "ChessBase"]
[SourceDate "2022.11.30"]
[SourceVersion "1"]
[SourceVersionDate "2022.11.30"]
[SourceQuality "1"]
[WhiteTeam "Extremadura Magic"]
[BlackTeam "Jaime Casas"]
[WhiteTeamCountry "ESP"]
[BlackTeamCountry "ESP"]

1. e4 e5 2. Nf3 Nc6 3. Bc4 Bc5 4. 0-0 Nf6 5. d3 d6 6. c3 a6 7. Bb3 Ba7 8. Nbd2 h6 9. Re1 0-0 10. h3 Re8 11. Nf1 Be6 12. Bxe6 Rxe6 13. Be3 Bxe3 14. Nxe3 Ne7 15. Qb3 b6 16. Rad1 Qd7 17. Nh4 Rd8 18. Nhf5 d5 19. Nxe7+ Rxe7 20. exd5 Nxd5 21. Nxd5 Qxd5 22. Qxd5 Rxd5 23. f4 Kf8 24. fxe5 Rdxe5 25. Rxe5 Rxe5 26. Kf2 Rf5+ 27. Ke3 Re5+ 28. Kf3 Rf5+ 29. Ke3 Re5+ 30. Kf3 Rf5+ 1/2-1/2

[Event "ESP-chT CECLUB Honor"]
[Site "Toledo"]
[Date "2021.10.12"]
[Round "2.4"]
[White "Yuffa, Daniil"]
[Black "Moreno Tejera, Emilio"]
[Result "1/2-1/2"]
[WhiteElo "2562"]
[BlackElo "2442"]
[PlyCount "63"]
[EventDate "2021.10.11"]
[EventType "team-tourn"]
[EventRounds "7"]
[EventCountry "ESP"]
[SourceTitle "CBM 204 Extra"]
[Source "ChessBase"]
[SourceDate "2021.11.30"]
[SourceVersion "1"]
[SourceVersionDate "2021.11.30"]
[SourceQuality "1"]
[WhiteTeam "Andreu Paterna"]
[BlackTeam "Extremadura Magic"]
[WhiteTeamCountry "ESP"]
[BlackTeamCountry "ESP"]

1. d4 e6 2. e4 d5 3. e5 c5 4. c3 Bd7 5. Nf3 Nc6 6. a3 c4 7. h4 Na5 8. Nbd2 Qc7 9. Be2 f6 10. h5 Nh6 11. Nf1 Nb3 12. Bxh6 Nxa1 13. Bxg7 Bxg7 14. h6 Bf8 15. Qxa1 0-0-0 16. Ne3 Rg8 17. exf6 Bd6 18. Rh4 Rdf8 19. Qb1 Be8 20. Ng4 Bg6 21. Qd1 Bf5 22. Nfe5 Bxe5 23. Nxe5 Qd8 24. Rh2 Qxf6 25. Qa4 Bd3 26. Qd7+ Kb8 27. Qe8+ Kc7 28. Qd7+ Kb8 29. Qe8+ Kc7 30. Qd7+ Kb8 31. Qe8+ Kc7 32. Qd7+ 1/2-1/2

[Event "ESP-chT CECLUB Honor"]
[Site "Toledo"]
[Date "2021.10.11"]
[Round "1.2"]
[White "Moreno Tejera, Emilio"]
[Black "Cuenca Jimenez, Jose Fernando"]
[Result "1/2-1/2"]
[WhiteElo "2442"]
[BlackElo "2550"]
[PlyCount "120"]
[EventDate "2021.10.11"]
[EventType "team-tourn"]
[EventRounds "7"]
[EventCountry "ESP"]
[SourceTitle "CBM 204 Extra"]
[Source "ChessBase"]
[SourceDate "2021.11.30"]
[SourceVersion "1"]
[SourceVersionDate "2021.11.30"]
[SourceQuality "1"]
[WhiteTeam "Extremadura Magic"]
[BlackTeam "Costa Calida"]
[WhiteTeamCountry "ESP"]
[BlackTeamCountry "ESP"]

1. e4 e5 2. Nf3 Nc6 3. d4 exd4 4. Nxd4 Bc5 5. Nb3 Bb6 6. Nc3 Nf6 7. Qe2 0-0 8. Be3 d5 9. 0-0-0 d4 10. Bg5 h6 11. Bh4 Qd6 12. Kb1 Ng4 13. Bg3 Qd8 14. Nd5 Re8 15. f3 Nge5 16. c3 d3 17. Qd2 f5 18. Bxd3 Nxd3 19. Qxd3 fxe4 20. fxe4 Bg4 21. Nxb6 axb6 22. Qc4+ Be6 23. Rxd8 Bxc4 24. Rxa8 Rxa8 25. Bxc7 Bd3+ 26. Ka1 Bxe4 27. Bxb6 Bd5 28. Nc1 Bxg2 29. Rd1 Re8 30. b3 g5 31. Rd6 Kh7 32. Kb2 Ne5 33. Rd2 Bc6 34. c4 h5 35. Bc7 h4 36. Kc3 Nf3 37. Re2 g4 38. Rxe8 Bxe8 39. Kd3 g3 40. Bxg3 hxg3 41. hxg3 Kg6 42. Ne2 Kf6 43. Ke3 Ng5 44. Kd4 Ne6+ 45. Kd5 Ke7 46. Nd4 Ng5 47. Nf5+ Kf6 48. Nd6 Bc6+ 49. Kc5 Ke5 50. Nb5 Ne4+ 51. Kb6 Nxg3 52. Na7 Bf3 53. c5 Nf5 54. c6 bxc6 55. Nxc6+ Kd6 56. Na5 Kd7 57. Nc4 Bd5 58. Kc5 Be6 59. b4 Bxc4 60. Kxc4 Kc6 1/2-1/2

[Event "ESP-chT CECLUB Honor"]
[Site "Linares"]
[Date "2020.09.28"]
[Round "6.1"]
[White "Garcia Martin, Marta"]
[Black "Moreno Tejera, Emilio"]
[Result "1/2-1/2"]
[WhiteElo "2328"]
[BlackElo "2446"]
[PlyCount "107"]
[EventDate "2020.09.23"]
[EventType "team-tourn"]
[EventRounds "7"]
[EventCountry "ESP"]
[SourceTitle "CBM 198 Extra"]
[Source "ChessBase"]
[SourceDate "2020.11.30"]
[SourceVersion "1"]
[SourceVersionDate "2020.11.30"]
[SourceQuality "1"]
[WhiteTeam "Paterna Andreu"]
[BlackTeam "Extremadura Magic"]
[WhiteTeamCountry "ESP"]
[BlackTeamCountry "ESP"]

1. e4 e5 2. Nf3 Nc6 3. Bc4 Bc5 4. 0-0 Nf6 5. d3 a6 6. c3 d6 7. a4 Ba7 8. Nbd2 h6 9. Re1 0-0 10. h3 Ne7 11. Nf1 Ng6 12. Ng3 b5 13. Bb3 Bd7 14. d4 c5 15. dxe5 dxe5 16. c4 Qc7 17. Qc2 Ne7 18. Qc3 Ng6 19. Be3 b4 20. Qc1 Kh7 21. Nf5 Ng8 22. Nh2 N6e7 23. Bc2 Nc6 24. b3 Nd4 25. Nxd4 cxd4 26. Bd2 Bc5 27. Bd3 Bd6 28. f4 f6 29. Rf1 g6 30. f5 gxf5 31. Qe1 fxe4 32. Bxe4+ f5 33. Bxa8 Rxa8 34. Bxb4 Bxb4 35. Qxb4 Rb8 36. Qa3 e4 37. Kh1 d3 38. Rad1 Be6 39. Nf3 exf3 40. Rxf3 Nf6 41. Rfxd3 Qf7 42. Rd8 Rb7 43. Rf8 Qg7 44. Rdd8 Ne4 45. Rh8+ Kg6 46. b4 Qe5 47. Kg1 Nc3 48. Rhe8 Qe3+ 49. Kh1 Kf7 50. b5 Qe1+ 51. Kh2 Qe5+ 52. Kh1 Qe1+ 53. Kh2 Qe5+ 54. Kh1 1/2-1/2

[Event "ESP-chT CECLUB Honor"]
[Site "Linares"]
[Date "2020.09.26"]
[Round "4.1"]
[White "Argandona Riveiro, Inigo"]
[Black "Moreno Tejera, Emilio"]
[Result "1/2-1/2"]
[WhiteElo "2424"]
[BlackElo "2446"]
[PlyCount "35"]
[EventDate "2020.09.23"]
[EventType "team-tourn"]
[EventRounds "7"]
[EventCountry "ESP"]
[SourceTitle "CBM 198 Extra"]
[Source "ChessBase"]
[SourceDate "2020.11.30"]
[SourceVersion "1"]
[SourceVersionDate "2020.11.30"]
[SourceQuality "1"]
[WhiteTeam "Taldea Gros Xake"]
[BlackTeam "Extremadura Magic"]
[WhiteTeamCountry "ESP"]
[BlackTeamCountry "ESP"]

1. Nf3 Nf6 2. c4 g6 3. Nc3 Bg7 4. e4 d6 5. d4 0-0 6. Be3 e5 7. dxe5 dxe5 8. Qxd8 Rxd8 9. Nd5 Rd7 10. Nxf6+ Bxf6 11. c5 Rd8 12. Bc4 Nc6 13. Ke2 Bg4 14. Rhd1 Na5 15. Bd3 Nc6 16. Bc4 Na5 17. Bd3 Nc6 18. Bc4 1/2-1/2

[Event "ESP-chT CECLUB Honor"]
[Site "Linares"]
[Date "2020.09.23"]
[Round "1.1"]
[White "Moreno Tejera, Emilio"]
[Black "Martin Fuentes, Alberto"]
[Result "0-1"]
[WhiteElo "2446"]
[BlackElo "2397"]
[PlyCount "86"]
[EventDate "2020.09.23"]
[EventType "team-tourn"]
[EventRounds "7"]
[EventCountry "ESP"]
[SourceTitle "CBM 198 Extra"]
[Source "ChessBase"]
[SourceDate "2020.11.30"]
[SourceVersion "1"]
[SourceVersionDate "2020.11.30"]
[SourceQuality "1"]
[WhiteTeam "Extremadura Magic"]
[BlackTeam "Solvay"]
[WhiteTeamCountry "ESP"]
[BlackTeamCountry "ESP"]

1. e4 e6 2. d4 d5 3. Nd2 Nf6 4. e5 Nfd7 5. Ngf3 c5 6. c3 Nc6 7. Bd3 a5 8. 0-0 cxd4 9. cxd4 Qb6 10. Re1 Be7 11. Nb1 Nxd4 12. Nxd4 Qxd4 13. Nc3 Qh4 14. Nb5 0-0 15. g3 Qh3 16. Nd4 g5 17. Bf1 Qh6 18. f4 Qg7 19. Kh1 Nc5 20. Bg2 Bd7 21. Be3 b6 22. f5 exf5 23. Bxd5 Rad8 24. Bg2 Rfe8 25. Qc2 Bf8 26. Rad1 Qg6 27. Nf3 h6 28. Bd4 Bc6 29. e6 fxe6 30. Ne5 Bxg2+ 31. Qxg2 Qh7 32. Bxc5 Bxc5 33. Qc6 Qe7 34. Nd7 Rc8 35. Qb5 Red8 36. Qd3 Kh8 37. Qc3+ Kh7 38. Nf6+ Kg6 39. Nd5 Qf7 40. g4 Rxd5 41. Rxd5 exd5 42. Qh3 fxg4 43. Qxg4 Rf8 0-1

[Event "ESP-chT CECLUB Honor"]
[Site "Linares"]
[Date "2019.10.02"]
[Round "3.4"]
[White "Moreno Tejera, Emilio"]
[Black "Martin Duque, Jesus"]
[Result "1-0"]
[WhiteElo "2427"]
[BlackElo "2373"]
[PlyCount "73"]
[EventDate "2019.09.30"]
[EventType "team-tourn"]
[EventRounds "7"]
[EventCountry "ESP"]
[SourceTitle "EXT 2020"]
[Source "ChessBase"]
[SourceDate "2019.10.17"]
[SourceVersion "1"]
[SourceVersionDate "2019.10.17"]
[SourceQuality "1"]
[WhiteTeam "Extremadura Magic"]
[BlackTeam "Collado Villalba"]
[WhiteTeamCountry "ESP"]
[BlackTeamCountry "ESP"]

1. e4 e5 2. Nf3 Nc6 3. Bb5 a6 4. Ba4 g6 5. 0-0 Bg7 6. c3 d6 7. d4 Bd7 8. d5 Nce7 9. Bxd7+ Qxd7 10. c4 h6 11. Nc3 f5 12. Ne1 Nf6 13. f3 0-0 14. Nd3 c6 15. Be3 cxd5 16. cxd5 fxe4 17. fxe4 Rac8 18. Rc1 b5 19. Nf2 Rc4 20. b3 Rc7 21. Qd2 Ng4 22. Nxg4 Qxg4 23. Rxf8+ Bxf8 24. h3 Qc8 25. Bb6 Rb7 26. Nxb5 Qb8 27. Bc7 Qa8 28. Nxd6 Qa7+ 29. Qf2 Qxf2+ 30. Kxf2 Ra7 31. Ke2 g5 32. Bb6 Rd7 33. Ne8 Kf7 34. Nc7 Ng6 35. g3 h5 36. Rf1+ Kg7 37. Ne6+ 1-0

[Event "BL2-Nord 1819"]
[Site "Germany"]
[Date "2019.03.23"]
[Round "9.3"]
[White "Moreno Tejera, Emilio"]
[Black "Polzin, Rainer"]
[Result "1/2-1/2"]
[WhiteElo "2433"]
[BlackElo "2406"]
[PlyCount "110"]
[EventDate "2018.11.10"]
[EventType "team-tourn"]
[EventRounds "10"]
[EventCountry "GER"]
[SourceTitle "CBM 190 Extra"]
[Source "ChessBase"]
[SourceDate "2019.07.15"]
[SourceVersion "1"]
[SourceVersionDate "2019.07.15"]
[SourceQuality "1"]
[WhiteTeam "Berlin Tegel"]
[BlackTeam "Berlin SF II"]
[WhiteTeamCountry "GER"]
[BlackTeamCountry "GER"]

1. e4 g6 2. d4 Bg7 3. Nf3 d6 4. Nc3 a6 5. Be3 b5 6. Bd3 Bb7 7. a4 b4 8. Ne2 Nd7 9. 0-0 Ngf6 10. Ng3 0-0 11. c3 a5 12. Re1 e5 13. dxe5 dxe5 14. cxb4 axb4 15. Nd2 h5 16. f3 h4 17. Ne2 Nh5 18. Qb3 Nf4 19. Bb5 c6 20. Bc4 Qg5 21. g3 Nxe2+ 22. Bxe2 Qe7 23. Red1 Kh7 24. Nc4 Ba6 25. Qc2 Rfd8 26. Nd6 Bxe2 27. Qxe2 Nf8 28. Nc4 Ne6 29. Nb6 Ra5 30. Rxd8 Qxd8 31. Nc4 Ra8 32. Rd1 Qb8 33. b3 c5 34. Rd5 Qc7 35. Qd2 Ra7 36. Nd6 Qc6 37. Nb5 Rb7 38. Qc2 Rd7 39. Qd3 Nd4 40. Rxd7 Qxd7 41. Nxd4 exd4 42. Bd2 hxg3 43. hxg3 Qh3 44. f4 c4 45. bxc4 Bf8 46. Kf2 Bc5 47. Ke2 Qh5+ 48. Ke1 Qh1+ 49. Ke2 Qa1 50. Qc2 Qa3 51. e5 Qxg3 52. Qd3 Qg4+ 53. Ke1 Qg1+ 54. Ke2 Qg4+ 55. Ke1 Qg1+ 1/2-1/2

[Event "BL2-Nord 1819"]
[Site "Germany"]
[Date "2018.12.16"]
[Round "4.3"]
[White "Moreno Tejera, Emilio"]
[Black "Malek, Daniel"]
[Result "1/2-1/2"]
[WhiteElo "2434"]
[BlackElo "2392"]
[PlyCount "132"]
[EventDate "2018.11.10"]
[EventType "team-tourn"]
[EventRounds "10"]
[EventCountry "GER"]
[SourceTitle "CBM 190 Extra"]
[Source "ChessBase"]
[SourceDate "2019.07.15"]
[SourceVersion "1"]
[SourceVersionDate "2019.07.15"]
[SourceQuality "1"]
[WhiteTeam "Berlin Tegel"]
[BlackTeam "Berlin Zehlendorf"]
[WhiteTeamCountry "GER"]
[BlackTeamCountry "GER"]

1. e4 e5 2. Nf3 Nf6 3. Nxe5 d6 4. Nf3 Nxe4 5. Qe2 Qe7 6. d3 Nf6 7. Bg5 Qxe2+ 8. Bxe2 Nbd7 9. 0-0 h6 10. Bd2 Be7 11. Re1 0-0 12. Bf1 Re8 13. Nc3 c6 14. b4 Nf8 15. h3 Bd7 16. Ne2 Ng6 17. Ng3 c5 18. a3 b6 19. d4 Bf8 20. dxc5 dxc5 21. b5 Bd6 22. Rad1 Bxg3 23. fxg3 Bf5 24. c4 Ne4 25. Bf4 Nxf4 26. gxf4 Ng3 27. Ne5 a6 28. Bd3 axb5 29. cxb5 Rxa3 30. Bxf5 Nxf5 31. Nc4 Rxe1+ 32. Rxe1 Rb3 33. Re8+ Kh7 34. Nxb6 Rxb5 35. Nd7 g6 36. g4 Nd4 37. Kf1 Kg7 38. g5 Rb1+ 39. Kf2 Rb2+ 40. Kf1 Ne6 41. gxh6+ Kxh6 42. Ne5 Nxf4 43. Nxf7+ Kg7 44. Ng5 c4 45. Rc8 Rc2 46. Ne4 Nd5 47. Ke1 c3 48. Kd1 Ne3+ 49. Ke1 Rc1+ 50. Ke2 Nd5 51. Rc5 Nf4+ 52. Ke3 c2 53. Kd2 Rh1 54. Rxc2 Rxh3 55. Rc7+ Kh6 56. Rf7 Rd3+ 57. Kc2 Rf3 58. Kd2 Kh5 59. Nf6+ Kg5 60. Nh7+ Kh4 61. Nf8 g5 62. Ne6 Rf2+ 63. Kd1 Kg4 64. Nxg5 Kxg5 65. Rd7 Kg4 66. Rd2 Rxd2+ 1/2-1/2

[Event "ESP-chT CECLUB Honor"]
[Site "Linares"]
[Date "2018.08.08"]
[Round "3.4"]
[White "Moreno Tejera, Emilio"]
[Black "Osmak, Iulija"]
[Result "1-0"]
[WhiteElo "2429"]
[BlackElo "2410"]
[PlyCount "119"]
[EventDate "2018.08.06"]
[EventType "team-tourn"]
[EventRounds "7"]
[EventCountry "ESP"]
[SourceTitle "CBM 185 Extra"]
[Source "ChessBase"]
[SourceDate "2018.07.29"]
[SourceVersion "1"]
[SourceVersionDate "2018.07.29"]
[SourceQuality "1"]
[WhiteTeam "Extremadura Magic"]
[BlackTeam "Monzon Jaime Casas"]
[WhiteTeamCountry "ESP"]
[BlackTeamCountry "ESP"]

1. e4 e6 2. d4 d5 3. Nc3 Nf6 4. e5 Nfd7 5. f4 c5 6. Nf3 Be7 7. Be3 b6 8. Qd2 0-0 9. Be2 Nc6 10. 0-0 f5 11. Nd1 cxd4 12. Nxd4 Nxd4 13. Bxd4 Nc5 14. Nf2 Bb7 15. Rad1 Qe8 16. b4 Ne4 17. Nxe4 dxe4 18. c4 Qa4 19. Bc3 Rad8 20. Qb2 g5 21. fxg5 Bxg5 22. Rd6 Qe8 23. Rfd1 Qg6 24. c5 f4 25. c6 f3 26. Bb5 f2+ 27. Kf1 Qh5 28. Rxd8 Bxd8 29. Qe2 Qxh2 30. Qg4+ Kh8 31. Ke2 Bc8 32. Qxe4 Qh5+ 33. Kd2 Rf4 34. Qe2 Qg6 35. Qd3 Qg8 36. Kc2 Bc7 37. Rh1 a6 38. Qe3 Qxg2 39. Bf1 Qe4+ 40. Qxe4 Rxe4 41. Bd3 Re3 42. Bd4 f1Q 43. Rxf1 Rg3 44. Rh1 Rg7 45. a4 Kg8 46. b5 a5 47. Kd2 Bd8 48. Ke2 Rg2+ 49. Kf3 Ra2 50. Rg1+ Kh8 51. Be3 Rxa4 52. Bh6 Ra3 53. Ke2 Ra2+ 54. Ke3 Be7 55. Bg7+ Kg8 56. Bf6+ Kf8 57. Bxe7+ Kxe7 58. Rg8 a4 59. Rxc8 a3 60. Ra8 1-0

[Event "BL2-Nord 1718"]
[Site "Germany"]
[Date "2018.03.18"]
[Round "8.4"]
[White "Sroczynski, Maciej"]
[Black "Moreno Tejera, Emilio"]
[Result "0-1"]
[WhiteElo "2314"]
[BlackElo "2433"]
[PlyCount "74"]
[EventDate "2017.10.08"]
[EventType "team-tourn"]
[EventRounds "9"]
[EventCountry "GER"]
[SourceTitle "CBM 183 Extra"]
[Source "ChessBase"]
[SourceDate "2018.04.19"]
[SourceVersion "1"]
[SourceVersionDate "2018.04.19"]
[SourceQuality "1"]
[WhiteTeam "Glueck Auf Ruedersdorf"]
[BlackTeam "Koenig Tegel"]
[WhiteTeamCountry "GER"]
[BlackTeamCountry "GER"]

1. d4 f5 2. g3 Nf6 3. Bg2 d6 4. d5 c6 5. c4 e5 6. dxe6 Bxe6 7. Nd2 d5 8. cxd5 Bxd5 9. Ngf3 g6 10. b3 Bg7 11. Bb2 0-0 12. 0-0 Nbd7 13. Qc2 Qe7 14. e3 Rfe8 15. Rad1 Nb6 16. Ne5 Rad8 17. Ndc4 Bxg2 18. Kxg2 Nbd5 19. Rfe1 Ne4 20. f3 Nef6 21. a3 Nc7 22. h3 Rxd1 23. Rxd1 b5 24. Nd6 Nfd5 25. Rxd5 Nxd5 26. Qxc6 Nxe3+ 27. Kg1 Rd8 28. Nef7 Rxd6 29. Nxd6 Bxb2 30. Nxb5 f4 31. gxf4 Nf5 32. Qe4 Qd7 33. Qc4+ Kg7 34. Qc2 Bf6 35. a4 Kh6 36. Kh2 a6 37. Nc7 Qd6 0-1

[Event "BL2-Nord 1718"]
[Site "Germany"]
[Date "2017.12.10"]
[Round "4.3"]
[White "Moreno Tejera, Emilio"]
[Black "Kramer, Julian"]
[Result "0-1"]
[WhiteElo "2433"]
[BlackElo "2344"]
[PlyCount "94"]
[EventDate "2017.10.08"]
[EventType "team-tourn"]
[EventRounds "9"]
[EventCountry "GER"]
[SourceTitle "CBM 183 Extra"]
[Source "ChessBase"]
[SourceDate "2018.04.19"]
[SourceVersion "1"]
[SourceVersionDate "2018.04.19"]
[SourceQuality "1"]
[WhiteTeam "Koenig Tegel"]
[BlackTeam "Hamburger SK II"]
[WhiteTeamCountry "GER"]
[BlackTeamCountry "GER"]

1. e4 c5 2. Nf3 d6 3. Bc4 Nf6 4. d3 Nc6 5. c3 e6 6. Bb3 Be7 7. 0-0 0-0 8. Re1 d5 9. Nbd2 b6 10. e5 Nd7 11. Nf1 Ba6 12. d4 b5 13. a3 cxd4 14. cxd4 b4 15. a4 Na5 16. Bc2 b3 17. Bxb3 Nxb3 18. Qxb3 Nb8 19. Qc2 Qe8 20. Qd1 Nc6 21. Bg5 Bb4 22. Re3 h6 23. Bh4 Rb8 24. Rc1 Bxf1 25. Qxf1 Qd7 26. b3 Ba3 27. Rce1 Na5 28. Nd2 Rfc8 29. Rg3 Bf8 30. Qe2 Nc6 31. Qg4 Ne7 32. Bxe7 Qxe7 33. h4 Qa3 34. Kh2 Qb2 35. Qf4 Rc3 36. Rb1 Qc2 37. Rxc3 Qxc3 38. Nf3 Rc8 39. Ne1 Ba3 40. Nf3 Bc1 41. Qg3 Qc2 42. Ra1 Qb2 43. Rxc1 Rxc1 44. h5 Qb1 45. Qf4 Rh1+ 46. Kg3 Rxh5 47. Qg4 Rh1 0-1

[Event "Bundesliga 1617"]
[Site "Germany"]
[Date "2017.04.30"]
[Round "14.3"]
[White "Miton, Kamil"]
[Black "Moreno Tejera, Emilio"]
[Result "1-0"]
[WhiteElo "2612"]
[BlackElo "2444"]
[PlyCount "57"]
[EventDate "2016.10.15"]
[EventType "team-tourn"]
[EventRounds "15"]
[EventCountry "GER"]
[SourceTitle "CBM 178"]
[Source "ChessBase"]
[SourceDate "2017.05.14"]
[SourceVersion "1"]
[SourceVersionDate "2017.05.14"]
[SourceQuality "1"]
[WhiteTeam "Hamburger SK"]
[BlackTeam "Koenig Tegel"]
[WhiteTeamCountry "GER"]
[BlackTeamCountry "GER"]

1. d4 f5 2. c4 Nf6 3. Nc3 d6 4. Nf3 g6 5. Bf4 Bg7 6. e3 0-0 7. Be2 Nc6 8. d5 e5 9. dxe6 Bxe6 10. Ng5 Bc8 11. c5 h6 12. Qb3+ d5 13. Nf3 g5 14. Bg3 Qe7 15. 0-0 Kh8 16. Rad1 a6 17. Rfe1 Rb8 18. h4 Be6 19. hxg5 Ne4 20. Nxd5 Bxd5 21. Rxd5 Nxg3 22. fxg3 hxg5 23. Kf2 Bf6 24. Rh1+ Kg7 25. Qd3 Rf7 26. Qxf5 Kf8 27. Nxg5 Re8 28. Ke1 Qxe3 29. Rh8+ 1-0

[Event "Bundesliga 1617"]
[Site "Germany"]
[Date "2017.04.09"]
[Round "12.6"]
[White "Moreno Tejera, Emilio"]
[Black "Meskovs, Nikita"]
[Result "0-1"]
[WhiteElo "2444"]
[BlackElo "2483"]
[PlyCount "86"]
[EventDate "2016.10.15"]
[EventType "team-tourn"]
[EventRounds "15"]
[EventCountry "GER"]
[SourceTitle "CBM 178"]
[Source "ChessBase"]
[SourceDate "2017.05.14"]
[SourceVersion "1"]
[SourceVersionDate "2017.05.14"]
[SourceQuality "1"]
[WhiteTeam "Koenig Tegel"]
[BlackTeam "Schwegenheim"]
[WhiteTeamCountry "GER"]
[BlackTeamCountry "GER"]

1. e4 c5 2. Nf3 e6 3. d4 cxd4 4. Nxd4 Nc6 5. Nc3 Qc7 6. g3 a6 7. Bg2 Nf6 8. 0-0 Be7 9. a4 0-0 10. Nb3 d6 11. f4 Rd8 12. Qe2 d5 13. e5 Nd7 14. Be3 Nb6 15. Bf2 Nc4 16. Nd1 Rb8 17. Nc1 b5 18. axb5 axb5 19. Nd3 b4 20. b3 Na3 21. g4 Ba6 22. Qd2 Na5 23. Ra2 Rdc8 24. Ne1 Bxf1 25. Bxf1 Bc5 26. Bd3 Nb1 27. Qe2 Nc3 28. Nxc3 bxc3 29. Nf3 Rb4 30. Kg2 Rxf4 31. Bg3 Rxg4 32. h3 Rxg3+ 33. Kxg3 Nc6 34. Ra1 f6 35. Kg2 Nxe5 36. Nxe5 Qxe5 37. Qxe5 fxe5 38. Ra6 Kf7 39. Be2 g6 40. Rxe6 Kxe6 41. Bg4+ Kf6 42. Bxc8 e4 43. Kf1 d4 0-1

[Event "Bundesliga 1617"]
[Site "Germany"]
[Date "2017.03.18"]
[Round "9.5"]
[White "Parligras, Mircea Emilian"]
[Black "Moreno Tejera, Emilio"]
[Result "1-0"]
[WhiteElo "2607"]
[BlackElo "2444"]
[PlyCount "163"]
[EventDate "2016.10.15"]
[EventType "team-tourn"]
[EventRounds "15"]
[EventCountry "GER"]
[SourceTitle "CBM 178"]
[Source "ChessBase"]
[SourceDate "2017.05.14"]
[SourceVersion "1"]
[SourceVersionDate "2017.05.14"]
[SourceQuality "1"]
[WhiteTeam "Trier"]
[BlackTeam "Koenig Tegel"]
[WhiteTeamCountry "GER"]
[BlackTeamCountry "GER"]

1. d4 f5 2. g3 Nf6 3. Bg2 g6 4. Nf3 Bg7 5. 0-0 0-0 6. c4 d6 7. Nc3 c6 8. Re1 Na6 9. b3 Ne4 10. Bb2 Nxc3 11. Bxc3 Nc5 12. Ng5 d5 13. cxd5 cxd5 14. Bb2 Ne4 15. Nh3 Be6 16. f3 Nf6 17. Nf4 Bf7 18. Qd2 Qd6 19. Nd3 Rfc8 20. Rac1 Nd7 21. e3 Qa6 22. Bf1 Qb6 23. Ba3 Bf6 24. Bb4 Qd8 25. Ba5 Qf8 26. Bc7 Qg7 27. Qb4 b6 28. f4 e6 29. Qd6 Nf8 30. Qa3 Be8 31. Be5 Bb5 32. Bxf6 Qxf6 33. Rxc8 Rxc8 34. Qxa7 Bxd3 35. Bxd3 Rc3 36. Bb5 Qd8 37. Re2 Rc7 38. Qa3 h5 39. Qb2 Nh7 40. Rc2 Nf6 41. Qc1 Rxc2 42. Qxc2 h4 43. Be2 hxg3 44. hxg3 g5 45. Qc6 Qe7 46. fxg5 Ne4 47. Qxb6 Kg7 48. Kg2 Qxg5 49. Qc7+ Kg6 50. Qf4 Qe7 51. Qe5 Nf6 52. g4 fxg4 53. Bd3+ Kf7 54. Qg5 Ke8 55. Be2 Kf7 56. Bxg4 Qf8 57. Bh5+ Ke7 58. e4 Kd7 59. exd5 Nxd5 60. Bf3 Nc7 61. Qd2 Qg7+ 62. Kf2 Qf6 63. a4 Nd5 64. Ke2 Nf4+ 65. Kd1 Qf5 66. Qc3 Nd3 67. Qc6+ Kd8 68. Kd2 Nf4 69. Be4 Qg5 70. Qd6+ Ke8 71. Kc2 Qg3 72. Qc6+ Kf7 73. Qc7+ Kf6 74. Qc3 Qf2+ 75. Qd2 Ne2 76. Kb2 Qxd4+ 77. Qxd4+ Nxd4 78. Kc3 Ke5 79. Bg2 Ne2+ 80. Kc4 Kd6 81. a5 Nf4 82. a6 1-0

[Event "Bundesliga 1617"]
[Site "Germany"]
[Date "2016.12.04"]
[Round "6.8"]
[White "Moreno Tejera, Emilio"]
[Black "Gajewski, Grzegorz"]
[Result "0-1"]
[WhiteElo "2444"]
[BlackElo "2621"]
[PlyCount "72"]
[EventDate "2016.10.15"]
[EventType "team-tourn"]
[EventRounds "15"]
[EventCountry "GER"]
[SourceTitle "CBM 176"]
[Source "ChessBase"]
[SourceDate "2017.01.17"]
[SourceVersion "1"]
[SourceVersionDate "2017.01.17"]
[SourceQuality "1"]
[WhiteTeam "Koenig Tegel"]
[BlackTeam "Dresden"]
[WhiteTeamCountry "GER"]
[BlackTeamCountry "GER"]

1. e4 c5 2. Nf3 e6 3. d4 cxd4 4. Nxd4 a6 5. Nc3 Qc7 6. Bd3 Nf6 7. 0-0 d6 8. a4 b6 9. Kh1 Bb7 10. f4 Nbd7 11. Qe2 Be7 12. Bd2 0-0 13. b4 g6 14. Nf3 e5 15. Bc4 exf4 16. Bxf4 Rfc8 17. Nd5 Nxd5 18. Bxd5 Bxd5 19. exd5 Bf6 20. Rad1 Qxc2 21. Qe1 Re8 22. Qg3 Ne5 23. Nd4 Qxa4 24. b5 Bg7 25. Qh4 axb5 26. Bh6 Bxh6 27. Qxh6 Rac8 28. Qg5 Rf8 29. Qf6 Rce8 30. Qxd6 Nc4 31. Qf6 Ne3 32. d6 Qa2 33. Qf3 Nxd1 34. Qxd1 Qd5 35. Nf3 Qxd1 36. Rxd1 Re6 0-1

[Event "Bundesliga 1617"]
[Site "Germany"]
[Date "2016.10.15"]
[Round "1.4"]
[White "Landa, Konstantin"]
[Black "Moreno Tejera, Emilio"]
[Result "1-0"]
[WhiteElo "2601"]
[BlackElo "2444"]
[PlyCount "79"]
[EventDate "2016.10.15"]
[EventType "team-tourn"]
[EventRounds "15"]
[EventCountry "GER"]
[SourceTitle "EXT 2017"]
[Source "ChessBase"]
[SourceDate "2016.10.25"]
[SourceVersion "1"]
[SourceVersionDate "2016.10.25"]
[SourceQuality "1"]
[WhiteTeam "Muelheim"]
[BlackTeam "Koenig Tegel"]
[WhiteTeamCountry "GER"]
[BlackTeamCountry "GER"]

1. d4 Nf6 2. Nf3 g6 3. g3 Bg7 4. Bg2 0-0 5. 0-0 d6 6. b3 c5 7. c4 cxd4 8. Nxd4 d5 9. cxd5 Nxd5 10. Bb2 Na6 11. Na3 Nac7 12. Qd2 e5 13. Ndb5 Nxb5 14. Qxd5 Nd4 15. e3 Nc6 16. Qb5 a6 17. Qc5 Re8 18. Nc4 Bf8 19. Qb6 e4 20. Qxd8 Nxd8 21. Nb6 Rb8 22. Nd5 Bg7 23. Nf6+ Bxf6 24. Bxf6 Nc6 25. Rfd1 Bg4 26. Rd6 Rbc8 27. h3 Be2 28. Rc1 Bd3 29. Rd7 Re6 30. Bb2 Rb8 31. h4 Ree8 32. Bh3 Red8 33. Rc7 Rd6 34. g4 Rd5 35. g5 Rd6 36. Bf6 Be2 37. Bc8 Nd8 38. Kh2 Bb5 39. Bh3 Rd2 40. Rc8 1-0